000 00631nam a22001697a 4500
003 OSt
005 20171010095435.0
008 120521t xxu||||| |||| 00| 0 eng d
040 _aMMSU
_cULS
100 _aCuaresma, Graciela R.
_99575
245 _aHypoglycemic efficacy of pandan (Pandamus amaryllifolius roxb.) on hyperglycemic induced guinea pig (cavia porcellus gesner K.)
_cGraciela R. Cuaresma
260 _c2007
300 _axviii, 57 leaves
_c28 cm.
500 _aThesis (BS Biology) -- Mariano Marcos State University-College of Arts and Sciences, Batac City
504 _aBibliography: leaf 39
942 _2ddc
_cTHEDIS
999 _c9514
_d9514